Koncepcie rozvoja a ich realizácie - prioritou plnenie vládneho programu v rezorte Ministerstva hospodárstva SR

Programové vyhlásenie vlády SR zo dňa 19. januára 1995. Plnenie hlavných zámerov hospodárskeho rozvoja SR. Hlavné smery priemyselnej politiky SR. Politika kvality. Oblasť sociálnej politiky. Programové úlohy v oblasti chemického a farmaceutického priemyslu. Odvetvie strojárstva a elektrotechniky. Po...

ver descrição completa

Na minha lista:
Detalhes bibliográficos
Autor principal: Šucha, Jozef
Formato: Capítulo de Livro
Idioma:eslovaco
Assuntos:
Tags: Adicionar Tag
Sem tags, seja o primeiro a adicionar uma tag!

MARC

LEADER 00000naa a2200000 4500
001 r032965
005 20230825100932.9
041 0 |a slo 
044 |a SK 
245 1 0 |a Koncepcie rozvoja a ich realizácie - prioritou  |b plnenie vládneho programu v rezorte Ministerstva hospodárstva SR  |c Jozef Šucha 
520 |a Programové vyhlásenie vlády SR zo dňa 19. januára 1995. Plnenie hlavných zámerov hospodárskeho rozvoja SR. Hlavné smery priemyselnej politiky SR. Politika kvality. Oblasť sociálnej politiky. Programové úlohy v oblasti chemického a farmaceutického priemyslu. Odvetvie strojárstva a elektrotechniky. Podpora konkurencieschopnosti. Strategické ciele priemyslu. Podpora cestovného ruchu a propagácie Slovenska. 
610 2 0 |a programy vládne 
610 2 0 |a Slovensko 
610 2 0 |a 1995 
610 2 0 |a MH SR Bratislava 
610 2 0 |a rozvoj hospodársky 
610 2 0 |a produkcia 
610 2 0 |a konkurencieschopnosť 
610 2 0 |a politika hospodárska 
610 2 0 |a politika priemyselná 
610 2 0 |a politika sociálna 
610 2 0 |a odvetvia priemyselné 
610 2 0 |a stratégia hospodárska 
610 2 0 |a ruch cestovný 
100 1 |a Šucha, Jozef